000 00505nam a2200169 4500
001 110207
003 ES-MaACL
005 20230906185011.0
007 t|
008 061121s1970 sp r ||||1| spa d
100 1 _aO'Collins, Gerald.
_986299
245 1 3 _aEl hombre y sus nuevas esperanzas /
_cGerald O'Collins; traducción de Antonio Diego.
260 _aSantander :
_bSal Terrae,
_c1970.
300 _a197 p. ;
_c19 cm.
700 1 _aDiego, Antonio.
_944536
852 _aES-MaACL
_jC-50105
_bR.77038
999 _c110207
_d110207